[Event "Koop Tjuchem"]
[Site "Groningen"]
[Date "1996.??.??"]
[Round "2"]
[White "Sokolov, Ivan"]
[Black "Onischuk, Alexander"]
[Result "1/2-1/2"]
[WhiteElo "2670"]
[BlackElo "2605"]
[Annotator "Tyomkin,D"]
[PlyCount "98"]
[EventDate "1996.12.20"]
[EventType "tourn"]
[EventRounds "11"]
[EventCountry "NED"]
[EventCategory "16"]
[SourceTitle "CBM 057"]
[Source "ChessBase"]
[SourceDate "1997.04.01"]
[SourceVersion "1"]
[SourceVersionDate "1997.04.01"]
[SourceQuality "1"]

{Nor,I} 1. d4 f5 2. g3 Nf6 3. Nh3 d6 4. Bg2 e5 5. O-O $146 (5. dxe5 dxe5 6.
Qxd8+ Kxd8 7. Nd2 (7. O-O h6 8. Rd1+ Nbd7 9. Nd2 c6 10. Nc4 Kc7 11. a4 Bc5 12.
Bd2 Nd5 $11 {Hansen,C-Motwani,P/Forli op 1991 (21)/1/2-1/2}) (7. e4 $6 h6 8.
exf5 c6 9. Nd2 Bxf5 10. Nc4 Nbd7 11. Ne3 Bh7 12. Bd2 Ne4 {Christiansen,
J-Strange,M/DK candidates 1994/0-1 (51)}) 7... h6 $6 (7... Bd6 $5) 8. Nc4 Nbd7
9. Bd2 $16 Ke7 $2 10. Bc3 Ke6 $2 11. Nxe5 $1 $18 {Malysev,V-Blagojevic,D/Bled
op 1989 (30)/1/2-1/2}) 5... Nc6 6. c3 g6 7. dxe5 Nxe5 8. Qb3 c6 9. Nd2 Qe7 10.
Nf4 g5 11. Nd3 Be6 12. Qc2 Bg7 13. Nb3 Nf7 14. Nd4 O-O $10 15. Ne1 (15. f4 $2
g4 16. Nf2 d5 17. Nxf5 Bxf5 18. Qxf5 Qxe2 $15) 15... Qd7 (15... Rae8) 16. Nef3
Ne4 17. Nxe6 Qxe6 18. Qb3 Qe7 (18... Qxb3 19. axb3 a6 20. Be3 $10) 19. Be3 d5
20. c4 $6 (20. Bd4 $10) 20... dxc4 21. Qxc4 Bxb2 $15 22. Rad1 Bg7 23. Nd4 Ned6
24. Qc5 Qf6 25. Nb3 Rfe8 26. Bd4 Qe6 27. e3 Ne4 28. Qc2 Bxd4 29. Rxd4 Ned6 (
29... Nfd6 $2 30. Rfd1 Nb5 31. Rd7 Re7 32. Rxe7 Qxe7 33. Qc4+ Kh8 34. Bxe4 Qxe4
35. Qxe4 fxe4 36. Nc5 $10) 30. Rfd1 Rad8 31. h4 h6 32. hxg5 hxg5 33. a4 $1 Qe5
$6 (33... Qf6 34. a5 Nb5 35. Rxd8 Rxd8 36. Rxd8+ Nxd8 $15) 34. a5 Nb5 35. Rxd8
Rxd8 36. Rxd8+ Nxd8 37. a6 $44 bxa6 38. Qd3 $6 (38. Bxc6 $5 Nxc6 39. Qxc6 Qd6
40. Qc8+ Kg7 41. Nc5 $36) 38... Nf7 $6 (38... Qf6 39. Qd7 a5 40. Nc5 (40. e4
fxe4 (40... a4 41. Nc5 (41. e5 $2 Qf8 42. e6 Qd6 43. Qe8+ Kg7 44. e7 Ne6 45.
Nc5 $8 Nbc7 $8 (45... Qxc5 $4 46. Qd7 Qc1+ 47. Kh2 Nc5 48. Qxc6 Nd4 49. Qc8 $18
) 46. Nxe6+ Nxe6 47. Bxc6 (47. Qxc6 Qxc6 48. Bxc6 Nc7 49. Bxa4 Kf7 $19) (47.
Qf8+ Nxf8 48. e8=N+ Kh8 49. Nxd6 a3 $19) (47. g4 fxg4 48. Qxc6 Qxe7 (48... Qxc6
49. Bxc6 Nc7 50. Bxa4 Kf7 51. Kg2 Kxe7 52. Kg3 $10) 49. Qxa4 Nf4 50. Qd4+ Kh6
$17) 47... Kf6 48. Bxa4 Qxe7 49. Qh8+ Qg7 50. Qc8 g4 $15) 41... a3 42. Qe8+ Qf8
43. Qg6+ Qg7 44. Qe8+ Kh7 45. Qxd8 a2 46. Nb3 Nd4 47. Qa5 Nxb3 48. Qxa2 Qb7 $13
) 41. Bxe4 a4 42. Nc5 Kf8 43. Bxc6 Qxc6 44. Qxd8+ Kf7 45. Qxg5 a3 46. Qh5+ Ke7
47. Qe5+ Kd8 48. Qb8+ Ke7 49. Qe5+ Kf7 50. Qh5+ $10) 40... Nd6 41. Bxc6 Nxc6
42. Qxc6 $13) 39. Bxc6 Kg7 40. Qd7 Kf6 41. Qb7 f4 $1 (41... Nd8 $5 42. Qxa6 Nc7
43. Qxa7 $1 Nxc6 44. Qb6 Qd6 45. Nd4 Nd5 46. Qxc6 Qxc6 47. Nxc6 $16) 42. Qxa6
Nc7 43. Qxa7 fxg3 44. f3 (44. Nc5 $5 gxf2+ 45. Kxf2 Ke7 (45... Qh2+ 46. Bg2
Qh4+ 47. Kf1 Qc4+ 48. Kg1 Nb5 49. Qa1+ (49. Nd7+ Ke6 50. Nc5+ Kf6) 49... Ke7
50. Ne4 $40) 46. Bf3 $13) 44... Qb2 $11 45. Qd4+ Qxd4 46. Nxd4 Ne6 47. Nc2 g4
48. f4 Nxf4 49. exf4 Kf5 1/2-1/2

[Event "WchT 4th"]
[Site "Luzern"]
[Date "1997.11.01"]
[Round "8.3"]
[White "Sadler, Matthew D"]
[Black "Malaniuk, Vladimir P"]
[Result "1/2-1/2"]
[WhiteElo "2665"]
[BlackElo "2615"]
[Annotator "Tyomkin,D"]
[PlyCount "55"]
[EventDate "1997.10.25"]
[EventType "team-tourn"]
[EventRounds "9"]
[EventCountry "SUI"]
[SourceTitle "CBM 062"]
[Source "ChessBase"]
[SourceDate "1998.01.31"]
[SourceVersion "1"]
[SourceVersionDate "1998.01.31"]
[SourceQuality "1"]
[WhiteTeam "England"]
[BlackTeam "Ukraine"]
[WhiteTeamCountry "ENG"]
[BlackTeamCountry "UKR"]

1. d4 f5 2. g3 Nf6 3. Bg2 g6 4. Nf3 Bg7 5. O-O O-O 6. b4 (6. c4 {Vladimirov,E}
d6 7. b4 e5 8. dxe5 Nfd7 $6 (8... dxe5 9. Bb2 (9. Nxe5 $2 Ng4 $2 (9... Nfd7 $1
10. Qd5+ Kh8 11. Bf4 c6 $17) 10. Qxd8 Rxd8 11. Nxg4 fxg4 12. Bg5 Re8 13. Nd2
Bxa1 14. Rxa1 $44) 9... e4 10. Nd4 Qe7 11. Qb3 Kh8 $13) 9. Nc3 (9. Bg5 Qe8 10.
Nc3 Nxe5 11. Nxe5 Bxe5 12. Nd5 Rf7 $10) 9... Nxe5 (9... dxe5 10. Bg5 Bf6 (10...
Qe8 11. Nd5 $16) 11. Bxf6 Qxf6 12. e4 $14) 10. Nxe5 Bxe5 (10... dxe5 11. Qxd8
Rxd8 12. Bg5 {/\ Rad1+/=}) 11. Bb2 $14 Nc6 12. b5 (12. a3 Be6 13. Bd5 Qf6 $10)
12... Nd4 13. Qd2 Ne6 14. Rad1 Nc5 $2 (14... Rb8 {Vladimirov,E} 15. Rfe1 $14)
15. Na4 $1 $16 {Vladimirov,E-Malaniuk,V/Tashkent 19871-0(32)}) 6... Ne4 7. c4 (
7. Bb2 {Tyomkin,D} a5 8. a3 (8. b5 $5) 8... d6 (8... axb4 $142 9. axb4 Rxa1 10.
Bxa1 d5 $13) 9. Nbd2 c6 10. c4 axb4 11. axb4 Rxa1 12. Bxa1 d5 13. Qb3 Nxd2 14.
Nxd2 Be6 15. c5 $14 {[%cal Gb4b5] Bosboom,M-Barua,D/Lost Boys Open, Antwerp
BEL 1997/0-1(43)}) 7... d6 8. Bb2 Nd7 (8... c5 {Bangiev} 9. b5 Nd7 (9... a6 10.
a4 axb5 11. axb5 Rxa1 12. Bxa1 Qa5 13. Bb2 $13) 10. Nc3 Nb6 11. Qc2 $5 cxd4 12.
Nxe4 fxe4 13. Nxd4 e5 $5 14. Nb3 Be6 15. Bxe4 Nxc4 16. Bxb7 Rb8 17. Bc6 $14 {
Bangiev - Karpman, Lvov 1988-45/(111)}) 9. Nbd2 Nxd2 10. Qxd2 c6 (10... e5 $5
11. dxe5 Nxe5 (11... dxe5 12. Qd5+ Kh8 13. Nxe5 c6 14. Qd6 Nxe5 15. Bxe5 Qxd6
16. Bxd6 Re8 17. Rad1 Rxe2 18. Rfe1 $16) 12. Rac1 $14 (12. Qd5+ $6 Nf7)) 11. d5
$146 (11. a4 {Tyomkin,D} Nf6 $6 (11... e5 $142) 12. e3 $6 (12. d5 $142) 12...
Ne4 13. Qe2 Bd7 14. Rfc1 Qc7 15. d5 $14 {Horvath,C-Markus,R/Budapest Spring op
1996/1-0(34)}) 11... Bxb2 12. Qxb2 cxd5 13. Nd4 Nf6 14. cxd5 $14 {/= ()} Bd7
15. a4 (15. Ne6 $5 Bxe6 16. dxe6 d5 $13) 15... Rc8 16. a5 a6 17. Rfd1 {[%cal
Gd4e6]} (17. Ne6 $6 Bxe6 18. dxe6 d5 $1 (18... Ne4 19. Rac1 $14) 19. Qe5 (19.
Rac1 $6 Qd6 {[%csl Re6]}) 19... Rc4 (19... Rc6 20. Rac1 Qd6 21. Qxd6 Rxd6 22.
Rc7 $13) 20. Rfd1 $140 $2 Rxb4 21. Bxd5 Rb5 $19) (17. Rac1 Rxc1 18. Rxc1 Qb8
$11 {[%cal Gf8c8]}) 17... Qc7 18. Ne6 $6 (18. Rac1 Qb8 19. b5 axb5 20. Nxb5
Rxc1 21. Rxc1 Rc8 $11) 18... Bxe6 19. dxe6 Rfd8 {[%cal Gd6d5]} 20. Rac1 (20. b5
d5 $1 {[%cal Gc7d6]} 21. bxa6 $6 bxa6 22. Qb6 Rd6 {[%csl Re6]}) (20. Qb3 $5 {
[%csl Gd5]} Ne4 21. Bxe4 fxe4 22. Rd4 Qc2 23. Qxc2 (23. Qe3 Rc4) 23... Rxc2 24.
Rxe4 Rdc8 $11 {in compensation for the pawn black has control on <->c}) 20...
Qb8 21. b5 d5 $1 $132 {[%csl Re6,Rg2]} 22. bxa6 Rxc1 23. Rxc1 bxa6 24. Qb6 Qxb6
25. axb6 Rb8 26. Rc7 (26. Rc6 a5 {[%csl Re6][%cal Ga5a4]}) 26... Rxb6 27. Rxe7
Ne4 $6 (27... Rb1+ $142 28. Bf1 Ne4 {[%cal Re4d2]} 29. Rd7 {[%cal Rd7d8]} (29.
Re8+ Kg7 30. Rd8 Kf6 31. Rxd5 Kxe6 32. Rd8 a5 $15) 29... Kf8 30. Rxd5 Ke7 31.
f3 Nd6 32. Kf2 Ra1 $15 {[%csl Gd6,Ge7,Rf1][%cal Ya6a5] o^a}) 28. Bxe4 1/2-1/2

[Event "DEN-ch"]
[Site "Taastrup"]
[Date "1998.04.11"]
[Round "8"]
[White "Schandorff, Lars"]
[Black "Sahl, Bjarke"]
[Result "1-0"]
[WhiteElo "2525"]
[BlackElo "2430"]
[Annotator "Tyomkin,D"]
[PlyCount "81"]
[EventDate "1998.04.04"]
[EventType "tourn"]
[EventRounds "9"]
[EventCountry "DEN"]
[EventCategory "9"]
[SourceTitle "CBM 065"]
[Source "ChessBase"]
[SourceDate "1998.08.06"]
[SourceVersion "1"]
[SourceVersionDate "1998.08.06"]
[SourceQuality "1"]

{[%mdl 6176]} 1. d4 f5 2. g3 Nf6 3. Bg2 g6 4. Nf3 Bg7 5. O-O O-O 6. b4 c6 $146
(6... d6 {Nielsen,P-Kristensen,B/DEN-ch 1998/1/2-1/2(30)}) 7. c4 a5 8. b5 a4 9.
Nc3 Ne4 10. Qc2 (10. Nxa4 $6 Qa5 11. Nb2 cxb5 12. c5 b6 $15) 10... Nxc3 11.
Qxc3 d6 12. Ba3 Kh8 13. Qe3 cxb5 14. cxb5 Nd7 $2 (14... h6 {[%csl Gg5]} 15.
Rab1 (15. Rac1 Ra5 {[%csl Rb5]}) 15... Nd7 16. d5 {[%cal Gf3d4]}) 15. Ng5 $1
$16 {[%csl Re6]} Nb6 16. Rac1 Bf6 17. Rfd1 (17. d5 $16 {[%cal Gg5e6]}) 17...
Ra5 18. Ne6 Bxe6 19. Qxe6 Qb8 (19... Rxb5 20. Bxb7 $16) 20. Bb4 $1 Rxb5 21. a3
{[%csl Rb5][%cal Ge2e3,Yg2f1]} Na8 (21... Rc8 22. e3 {[%cal Gg2f1]}) 22. Rc2
$18 {[%cal Gd1c1,Yc2c8]} f4 23. gxf4 Rf5 24. e3 $6 (24. Rdc1 $1 Nb6 (24... Bxd4
25. Rc8 Qa7 26. Qxe7 $18) 25. e3 $18 {[%cal Gc2c7]}) 24... Nc7 25. Qd7 Na6 26.
Be1 (26. Rdc1 Qe8) 26... Qe8 (26... b5 27. Rdc1 Qe8 28. Qb7 $18 {[%csl Ra6]})
27. Qxe8 Rxe8 28. Bxb7 $18 {The rest is simple.} Nb8 29. Rb1 $1 {[%csl Rf5]
playing against Rf5} Nd7 $6 30. Bc8 $1 Rd8 31. Rc7 Rxc8 32. Rxc8+ Kg7 33. Ra8
g5 34. Rxa4 gxf4 35. Ra5 d5 36. Rbb5 fxe3 37. Rxd5 Rxd5 38. Rxd5 Nb6 39. Rb5
Bxd4 40. fxe3 Bxe3+ 41. Bf2 1-0

[Event "NED-ch52 playoff"]
[Site "Rotterdam"]
[Date "1997.10.23"]
[Round "3"]
[White "Timman, Jan H"]
[Black "Nikolic, Predrag"]
[Result "0-1"]
[WhiteElo "2625"]
[BlackElo "2630"]
[Annotator "Tyomkin,D"]
[PlyCount "78"]
[EventDate "1997.10.20"]
[EventType "match"]
[EventRounds "4"]
[EventCountry "NED"]
[SourceTitle "CBM 062"]
[Source "ChessBase"]
[SourceDate "1998.01.31"]
[SourceVersion "1"]
[SourceVersionDate "1998.01.31"]
[SourceQuality "1"]

1. Nf3 f5 2. d4 Nf6 3. g3 g6 4. c3 Bg7 5. Qb3 e6 6. Bg2 O-O 7. O-O Nc6 8. Bg5
$5 $146 (8. Nbd2 {Tyomkin,D} d5 9. Ne1 {[%cal Ge1d3]} e5 10. dxe5 Nxe5 11. Ndf3
Nxf3+ 12. Nxf3 $11 {Tempone,M-Morovic Fernandez,I/Santiago zt 1989/1/2-1/2(26)}
) 8... h6 9. Bxf6 Qxf6 10. Nbd2 $14 {[%cal Ge2e4] intending to capture the
center by e2-e4} d6 11. e4 f4 12. Rae1 Qf7 {[%cal Ge6e5] planning e6-e5} 13. e5
d5 14. Qc2 Bd7 15. Kh1 Ne7 16. Rg1 {[%cal Gg3g4,Yg2f1]} g5 17. g4 Qg6 18. Qd1 (
18. Qb3 $5) 18... Bb5 19. Bf1 Bxf1 20. Rexf1 b6 {[%cal Gc7c5]} 21. h4 c5 22.
Re1 Rac8 23. Kg2 cxd4 24. Nxd4 f3+ 25. Kh3 (25. N2xf3 Rf4 26. Kh3 Rcf8 27. h5 {
-see the game}) 25... Rf4 26. h5 Qf7 27. N2xf3 (27. Rg3 $4 Qxh5+ 28. gxh5 Rh4#)
27... Rf8 28. Rg3 Re4 29. Qb1 Nf5 $2 {Black tries to develope initiative by
sacrifice,but it leads to the white advantage} (29... Rf4 30. Kg2 $14 {[%cal
Gb1d3]}) 30. gxf5 (30. Rg2 Rxg4 31. Rxg4 (31. Kxg4 Nxd4 $19) 31... Qxh5+ $19)
30... exf5 31. Kg2 f4 32. e6 $2 (32. Nxg5 $1 {white could sacrifice back the
piece,getting the big advantage} hxg5 33. Rxg5 f3+ 34. Kg1 Rxe1+ (34... Qf4 $4
35. Rxg7+) 35. Qxe1 Kh8 36. Nf5 Rg8 37. Kh1 $1 $18) 32... Qxh5 33. e7 (33. Rh1
Qg6 (33... Qxh1+ $2 34. Qxh1 (34. Kxh1 $18) 34... fxg3 35. fxg3 g4 36. Nd2 Re3
37. Nf1 Re1 38. e7 Rxe7 39. Qh5 $18) 34. Rg4 Bxd4 35. Nxd4 h5 36. f3 hxg4 37.
fxe4 dxe4 $132 38. Qd1 f3+ 39. Kf2 (39. Kg3 $2 Qf6 40. Qc1 Qe5+ $19) 39... Qf6
$40 {[%cal Gf6f4]}) 33... Re8 34. Rh1 Qg6 35. Rg4 R8xe7 $44 {[%csl Rg4][%cal
Rg7d4]} 36. Qd1 Bxd4 37. cxd4 (37. Nxd4 $4 h5 $19 {[%csl Rg4]} 38. f3 R4e5)
37... Qf5 38. Rhh4 $4 (38. Ne5 $8 R7xe5 (38... f3+ 39. Qxf3 R7xe5 40. Rxe4 (40.
Qxf5 Rxf5 41. Rxe4 dxe4 42. Rxh6 Rd5 43. Kg3 $11) 40... Qxf3+ 41. Kxf3 Rxe4 42.
Rxh6 Kg7 43. Rd6 $11) (38... Kg7 $5 {[%cal Re7e5]} 39. Kh2 $1 {[%cal Yg4g1]
Black doesn't have something serious:} (39. f3 Re3 $44 {[%cal Ge7c7]}) (39. Kg1
f3 40. Rxe4 dxe4 41. Qc2 g4 $132) 39... f3 $2 (39... h5 $4 40. Rxg5+) (39...
Rc7) 40. Rg3 Re2 41. Rxf3 Rxf2+ 42. Kg3 $18) 39. dxe5 f3+ 40. Kf1 Rxg4 41.
Qxd5+ Kg7 42. Qb7+ Qf7 43. Qxf7+ Kxf7 44. Rxh6 Rf4 $11 (44... Rh4 $2 45. Rf6+))
38... Rg7 39. Nxg5 hxg5 0-1

[Event "EU-ch 1st"]
[Site "Saint Vincent"]
[Date "2000.07.13"]
[Round "10"]
[White "Krasenkow, Michal"]
[Black "Berg, Emanuel"]
[Result "1-0"]
[WhiteElo "2702"]
[BlackElo "2456"]
[Annotator "Tyomkin,D"]
[PlyCount "75"]
[EventDate "2000.07.03"]
[EventType "swiss"]
[EventRounds "11"]
[EventCountry "ITA"]
[SourceTitle "CBM 078"]
[Source "ChessBase"]
[SourceDate "2000.10.18"]
[SourceVersion "1"]
[SourceVersionDate "2000.10.18"]
[SourceQuality "1"]

1. d4 f5 2. g3 Nf6 3. Bg2 g6 4. c3 Bg7 5. Nd2 O-O (5... d5 {disturbes white to
lead e2-e4, which is the idea of 5.Nd2 line.}) 6. e4 fxe4 7. Nxe4 Nxe4 8. Bxe4
d5 9. Bg2 c6 10. Bf4 (10. f4 {This move prevents e7-e5, but gives up e4-square.
} Nd7 11. Nf3 Qb6 12. Qe2 Nf6 13. O-O Ne4 14. Be3 Bg4 15. Rae1 Rae8 $11 {
1-0 Kozul,Z-Babu,N/Ubeda 1996/CBM 51 ext (46)}) 10... e5 $146 {That is the
pawn sacrifice, and it looks quite risky.} (10... Nd7 11. Nf3 Nf6 12. O-O $14 {
1-0 Mochalov,E-Katona,F/Matra 1993/EXT 97 (53)}) 11. Bxe5 Bxe5 12. dxe5 Qb6 13.
Qd2 Bg4 14. h3 Bf5 15. g4 Bd3 $1 16. f4 Nd7 17. b4 (17. Qxd3 Qxb2 18. Bxd5+
cxd5 19. Qxd5+ Kh8 20. Rd1 Qxc3+ $36) 17... Bc4 18. Nf3 a5 {The idea is to
take on b4, and then Ra3. So, white's following reply is almost forced.} 19. a4
axb4 20. cxb4 c5 21. b5 Bxb5 22. Qxd5+ (22. Rb1 Rxa4 23. Qxd5+ Rf7 $44 {
[%csl Re1]} (23... Kh8 24. Qxd7 Qa5+ 25. Qd2 $18)) 22... Kh8 23. Qd2 $1 {
[%cal Ra1b1]} (23. Rb1 Qa5+ (23... Rxa4 24. Qxd7 $18) 24. Qd2 Qxa4 {And white
still can not castle.}) 23... Rxa4 {Black takes back a pawn, but bishop moves
out of diagonal a6-f1 for one move in this case, and...finally white can
castle!} 24. Rxa4 Bxa4 25. O-O $1 $16 {Two white central pawns are much more
dangerous then black's on the queenside.} Bc6 $2 {One of worst moves for black
in this position- white can push his e-pawn now. Probably Berg had already
some time pressure in this moment.} ({It was neccesary for black to create a
counterplay, using queenside pawns:} 25... c4+ 26. Kh2 Qc5 {[%cal Gc4c3]} 27.
Rc1 $16 (27. Qc3 {[%cal Ge5e6]} Rxf4 $1 28. e6+ Nf6 29. g5 Qd6 30. Kh1 Qxe6 {
and black has chances to save.})) 26. e6 Bxf3 (26... Nf6 27. Qd6 $16 {[%cal
Gf3e5]}) 27. Qxd7 $18 c4+ 28. Kh2 Bc6 29. Qd6 Ra8 (29... Rd8 30. Qe5+ Kg8 31.
e7 Re8 32. Qe6+ Kg7 33. f5 $18) 30. Qe5+ Kg8 31. e7 c3 (31... Re8 32. Qe6+ Kg7
(32... Kh8 33. Qf6+ Kg8 34. Bd5+ $18 {[%csl Rb6]}) 33. f5 $18) 32. Bd5+ Bxd5
33. e8=Q+ Rxe8 34. Qxe8+ Kg7 35. Qe5+ {Black loses bishop as well.} Kf8 36.
Qxd5 Qb2+ 37. Kg3 c2 38. Qc5+ 1-0

[Event "RUS-Cup7"]
[Site "Kstovo"]
[Date "1997.05.10"]
[Round "9"]
[White "Sakaev, Konstantin"]
[Black "Poluljahov, Aleksandr"]
[Result "1-0"]
[WhiteElo "2580"]
[BlackElo "2510"]
[Annotator "Tyomkin,D"]
[PlyCount "77"]
[EventDate "1997.05.01"]
[EventType "swiss"]
[EventRounds "9"]
[EventCountry "RUS"]
[SourceTitle "CBM 059"]
[Source "ChessBase"]
[SourceDate "1997.08.01"]
[SourceVersion "1"]
[SourceVersionDate "1997.08.01"]
[SourceQuality "1"]

1. d4 f5 2. g3 Nf6 3. Bg2 d6 4. Nf3 g6 5. O-O Bg7 6. b4 $146 {Many moves has
been tried in this position,but Sakaev found another one} O-O 7. Bb2 Ne4 8.
Nbd2 a5 (8... d5 $5 9. c4 Be6 $13) 9. b5 a4 10. Rb1 c6 11. bxc6 bxc6 12. c4 $14
Qa5 13. Qc2 Na6 14. a3 Bd7 15. e3 (15. Nxe4 $5 fxe4 16. Nd2 d5 $14 {/+-}) 15...
d5 16. Rfd1 e6 (16... Rab8 $5 {leave /^c8-h3 for Bd7}) 17. Nxe4 fxe4 18. Ne5
Qc7 $2 (18... Bxe5 $142 19. dxe5 {[%cal Gg2e4]} Rf7 20. Bd4 Qc7 21. c5 $140 Qa5
22. Rb6 Nc7 $14) 19. f4 $16 (19. Qxa4 $16 Bxe5 20. dxe5 Nc5 21. Qc2 Nd3 $140 (
21... Rfc8 $16) 22. cxd5 exd5 23. Rxd3 exd3 24. Bxd5+ $18) 19... exf3 20. Nxf3
Kh8 21. Rf1 Qd6 22. Qxa4 c5 23. dxc5 Nxc5 24. Bxg7+ Kxg7 25. Qb4 Ne4 (25... Bc6
$4 26. Nd4 {[%cal Gb4c5,Gd4b3]} Bd7 (26... Rxf1+ 27. Rxf1 Bd7 28. cxd5 exd5 29.
Nb3) 27. cxd5 exd5 28. Nb3 $18) 26. Qxd6 Nxd6 27. c5 Nf7 $4 (27... Ne4 {
After this move the black captures c-P or a-P that will prove to be crusial in
the game} 28. Rfc1 (28. Ne5 Rxf1+ (28... Nxc5 29. Rxf8 Rxf8 (29... Kxf8 30. Rc1
$18 {[%cal Gc1c5]}) 30. Rc1 Kf6 31. Nxg6 $16) 29. Bxf1 (29. Rxf1 Nxc5 $11)
29... Be8 $1 {[%csl Ra3,Rc5][%cal Gg7f6]} (29... Nxc5 30. Nxd7 Nxd7 31. Rb7 $18
) 30. c6 (30. Rb7+ Kf6 31. Ng4+ Kg5 32. Be2 h5 {[%cal Ge4c5]}) 30... Kf6 31.
Ng4+ Ke7 (31... Kg5 $2 32. Be2 {[%csl Rg5][%cal Gh2h4]}) 32. c7 Rc8) 28... Rfc8
$1 29. Ne5 $1 {[%cal Yg2e4]} (29. Rb7 Nxc5 30. Rxc5 Rxc5 31. Rxd7+ Kf6 32. g4
$1 (32. e4 Rxa3 33. e5+ Kf5 34. Rf7+ Ke4 35. Rf4+ Ke3) (32. Nd4 Rxa3 33. Kf2 (
33. Rd6 Rxe3) 33... Ra2+ 34. Kf3 e5) 32... h6 33. h4 Rxa3 (33... g5 34. h5 $16
{[%cal Gd7h7,Gh7h6]}) 34. g5+ hxg5 35. hxg5+ Kf5 36. Kf2 (36. Nd4+ Kg4 (36...
Ke5 37. Kf2 $16 {[%csl Re5,Re6]}) 37. Nxe6 Rc2 $1 $11) 36... Rc2+ 37. Kg3 Rxe3
38. Rd6 Rxg2+ 39. Kxg2 Kf4 $11) 29... Nxc5 30. Nxd7 $1 (30. Rxc5 Rxc5 31. Nxd7
Rc7 32. Ne5 Rxa3) 30... Nxd7 31. Rxc8 Rxc8 32. Rb7 Rd8 33. a4 $16 {[%cal Ga4a5]
o^a _|_B:N}) 28. Rb7 $18 Bc6 29. Rb6 Nd8 30. Nd4 Rxf1+ $2 (30... Rc8 $142 31.
Rfb1 {[%cal Gb6c6,Gg2f1]} (31. Rxc6 Rxc6 (31... Rxf1+ 32. Kxf1 Nxc6 33. Nxe6+
Kf6 34. Bxd5 Ke5 35. Bf3 $1 $16 {[%cal Ye6f4,Gf1e2] /+-}) 32. Nxc6 Nxc6 $16 {
/+-}) 31... Rf7 32. Bf1 e5 33. Nxc6 $18) 31. Bxf1 {[%cal Yf1a6] Now the black
is losing immediatly} Rc8 32. Ba6 Rc7 33. Rxc6 $1 {the quickest way} (33. Rb8
e5 {also winning for white}) 33... Rxc6 (33... Nxc6 34. Nxe6+) 34. Nxc6 Nxc6
35. Bb7 {[%cal Ga3a4,Gc5c6]} Na7 36. c6 Nb5 37. a4 Nc7 38. a5 Kf6 39. a6 1-0

[Event "Capablanca Memorial Elite 32nd"]
[Site "Cienfuegos"]
[Date "1997.05.11"]
[Round "5"]
[White "Arencibia Rodriguez, Walter"]
[Black "Borges Matos, Juan R"]
[Result "1/2-1/2"]
[WhiteElo "2560"]
[BlackElo "2500"]
[Annotator "Tyomkin,D"]
[PlyCount "103"]
[EventDate "1997.05.05"]
[EventType "tourn"]
[EventRounds "11"]
[EventCountry "CUB"]
[EventCategory "12"]
[SourceTitle "CBM 059"]
[Source "ChessBase"]
[SourceDate "1997.08.01"]
[SourceVersion "1"]
[SourceVersionDate "1997.08.01"]
[SourceQuality "1"]

1. d4 f5 2. g3 Nf6 3. Bg2 g6 4. Nh3 Bg7 5. O-O O-O 6. Nd2 d6 7. c3 c6 8. Qb3+
Kh8 9. Nf4 (9. Ng5 Qb6 10. Re1 (10. Nf7+ Kg8 11. Nh6+ $10) 10... d5 11. Ndf3 h6
12. Nh3 Be6 13. Ne5 Kh7 14. Qa3 Qd8 15. Nf4 Bf7 16. c4 g5 17. Nxf7 Rxf7 18. Ne6
Qd7 19. Nc5 Qc8 20. Nd3 e6 $16 {Kozul-Ilincic, Yugoslavia 1991}) 9... Na6 $146
(9... Qb6 10. e4 fxe4 11. Nxe4 Nxe4 12. Bxe4 e5 13. dxe5 dxe5 (13... Bxe5 14.
Be3 Qxb3 15. axb3 a6 16. b4 $14) 14. Nd3 Bh3 15. Re1 Nd7 16. Be3 Qxb3 17. axb3
Bf5 $6 (17... a6 $14) 18. Nc5 Nxc5 19. Bxc5 Rfd8 20. Bxf5 gxf5 21. Bxa7 $16 {
Cimmermann-Marushenko, Lipeck 1993}) (9... e5 10. Ne6 Bxe6 11. Qxe6 exd4 12.
cxd4 d5 13. Qe3 Re8 14. Qb3 Qb6 15. e3 Nbd7 16. a4 Qc7 17. Qc2 a5 18. Nb3 Ne4
19. Re1 Qd6 20. f3 Nef6 $10 {Fischdick-Kindermann, BRD 1992}) 10. Ne6 $2 (10.
e4 $5 fxe4 11. Nxe4 Nxe4 12. Bxe4 d5 13. Bg2 e5 14. dxe5 Bxe5 15. Be3 $14)
10... Bxe6 11. Qxe6 d5 $2 (11... Nd5 $1 12. Bxd5 Nc7 13. Qe3 Nxd5 14. Qd3 e5
$15) 12. Qe3 Ng4 (12... e5 13. dxe5 {-game} (13. Qxe5 $6 Re8 14. Qf4 Rxe2 $15 {
[%csl Rf4,Rg2] <->e})) 13. Qd3 e5 14. dxe5 Nxe5 15. Qc2 Qe7 16. Nf3 Rae8 17.
Nxe5 Bxe5 18. Be3 $14 {^^} Nc5 19. b4 Nd7 (19... Ne4 $2 20. Bxe4 fxe4 21. Bxa7)
20. Rad1 {[%cal Gc3c4]} (20. Bxa7 $2 b6 21. b5 cxb5 22. Bxd5 $140 Qa3) 20...
Nb6 (20... Rf7 21. Bxa7 $5 b6 22. b5 cxb5 23. Bxd5 Rf6 24. Qb3 $1 Nc5 $140 25.
Qxb5 {[%csl Re8]}) 21. Bc5 $1 Bd6 22. Bxd6 Qxd6 23. c4 $1 $16 Qxb4 (23... Nxc4
$4 24. Qxc4) (23... Qe5 24. cxd5 Nxd5 25. Bxd5 cxd5 26. e3 a6 (26... Rc8 27.
Qa4 a6 28. Qd7 $16 {[%csl Rb7,Rd5]}) 27. Rd4 $16) 24. cxd5 cxd5 25. Bxd5 Rc8
26. Qb3 Qxb3 (26... Nxd5 27. Qxd5 $16 {[%csl Rh8]}) 27. Bxb3 $16 {_|_ B:N} Rfd8
28. Rxd8+ Rxd8 29. Rc1 Kg7 30. Kg2 (30. Rc7+ Rd7 31. Rxd7+ Nxd7 32. Bd5 Nc5 33.
f4 $1 {[%cal Gg1f2,Gf2e3,Ge3d4]} Kf6 34. Kf2 Ke7 35. Ke3 b5 36. Kd4 $16) 30...
Kf6 31. Kf3 $2 (31. Rc7 $5) (31. f4 $1 $16 {[%csl Rb6][%cal Gg2f3]}) 31... Nd7
{[%cal Gd7e5,Ge5c6]} 32. e3 {[%cal Gf3e2]} Ne5+ 33. Ke2 Rd7 34. Rc8 (34. f4 Nc6
{[%csl Rc6]}) 34... a6 35. h3 h5 36. Re8 Nd3 37. Re6+ Kg7 38. Rb6 Nc5 39. Bc2
Rc7 40. Rb4 b5 41. Kd2 Nd7 42. e4 Ne5 $1 (42... fxe4 43. Rxe4 {[%cal Ge4e6]}
Nc5 44. Rd4 $16 {[%cal Gd4d6]}) 43. exf5 Nc4+ 44. Kd1 Rf7 45. Bd3 Ne5 46. Bb1
Nc4 47. Bd3 Ne5 48. Bc2 Nc4 49. g4 gxf5 50. gxf5 (50. gxh5 Kh6 51. Bd3 Ne5 (
51... Rd7 $6 {[%csl Rf5]} 52. Kc2) 52. Be2 Nc6 $11) 50... Kf6 51. Bd3 Rd7 52.
Kc2 (52. Kc2 {[} Ne5 (52... a5 $2 53. Rb3 a4 54. Rb4 $16) (52... Nd6 $2 53. Rd4
Rc7+ 54. Kb3 Nxf5 55. Rf4 Rc5 56. Kb4 Rd5 57. Rxf5+ $18 {P_|_}) 53. Be4 Rc7+
54. Kd2 Nc4+ 55. Ke2 Nd6 (55... Ke5 56. Bd3 Kd4 57. f6 Rf7 58. Bxc4 bxc4 59.
Rb6 a5 $16 {R_|_}) 56. Bd3 Nxf5 57. Rf4 Rc5 58. Kf3 (58. h4 Ke6) 58... Kg5 $11
{]}) 1/2-1/2